| 000 | 00924nam a22002532 4500 | ||
|---|---|---|---|
| 001 | 0000002421 | ||
| 005 | 20151217145728.0 | ||
| 008 | 070410s xx 000 0 eng d | ||
| 020 |
_a0070283001 : _cKES 2,690 |
||
| 040 |
_aKABU _cKABU |
||
| 050 | 0 |
_aHF5657.4 _b.M39 2001 |
|
| 100 | 1 |
_aMcWatters, Cheryl S. _@0000151780 |
|
| 245 | 1 | 0 |
_aManagement accounting : _banalysis and interpretation / _cCheryl McWatters, Dale C. Morse, Jerold L. Zimmerman. |
| 250 | _a2nd ed. | ||
| 260 |
_aBoston, Mass. : _bMcGraw-Hill/Irwin, _c2001. |
||
| 300 |
_axxviii, 574 p. : _bill. (some col.) ; _c28 cm. |
||
| 500 | _aRev. ed. of: Managerial accounting / Dale C. Morse, Jerold L. Zimmerman. c1997. | ||
| 650 | 0 |
_aManagerial accounting. _@0000151472 |
|
| 700 | 1 |
_aMorse, Dale. _@0000151781 |
|
| 700 | 1 |
_aZimmerman, Jerold L. _@0000151782 |
|
| 908 | _a070410 | ||
| 950 | _@1 | ||
| 999 |
_c1990 _d1990 |
||